| 000 | 03409nam0a2200421 4500 | ||
|---|---|---|---|
| 001 | RU\NLR\BIBL_A\011777840 | ||
| 005 | 20250724170748.0 | ||
| 010 |
_a978-5-7422-6235-0 _9100 |
||
| 021 |
_aRU _bКН-П-18-053820 _9КН-П-18-3878 |
||
| 035 | _a(NLR Aleph) 011777840 | ||
| 035 | _a(RuMoRGB)009697298 | ||
| 090 |
_a11760180 _c11760180 |
||
| 100 | _a20180827d2018 k y0rusy50 ca | ||
| 101 | 0 |
_arus _aeng _deng |
|
| 102 | _aRU | ||
| 105 | _a |||z|||100zy | ||
| 200 | 1 |
_aИнновационные кластеры цифровой экономики: драйверы развития _eтруды [IX] научно-практической конференции с международным участием, [17-21 мая 2018 г.] _fМинистерство образования и науки Российской Федерации, Санкт-Петербургский политехнический университет Петра Великого, Высшая инженерно-экономическая школа, Таджикский технический университет имени М.С. Осими, НИИ регионального развития Республики Казахстан [и др. _gпод ред. д.э.н., проф. А.В. Бабкина] |
|
| 210 |
_aСанкт-Петербург _cИзд-во Политехнического университета _d2018 |
||
| 215 |
_a534 с. _cил., табл. _d21 |
||
| 300 | _aНа обл. загл. также на англ. яз. | ||
| 300 | _aЧасть текста англ. | ||
| 320 | _aБиблиогр. в конце ст. | ||
| 606 | 1 |
_aИнновационная деятельность _jСъезды, совещания и т.п _yРоссийская Федерация _92101842 _3RU\NLR\AUTH\661271084 |
|
| 606 | 1 |
_aЦифровая экономика _jСъезды, совещания и т.п _yРоссийская Федерация _92664453 _3RU\NLR\AUTH\6601752480 |
|
| 686 | 1 | _aУ9(2)-55я431 | |
| 686 | 1 | _aУ39(2)я431 | |
| 702 | 1 |
_4340 _aБабкин _bА. В. _cд-р экон. наук _gАлександр Васильевич _9155720 _3RU\NLR\AUTH\770155759 |
|
| 711 | 1 | 2 |
_a"Инновационные кластеры цифровой экономики: драйверы развития", научно-практическая конференция с международным участием _d9 _eСанкт-Петербург _f2018 _9623702 _3RU\NLR\AUTH\880481576 |
| 712 | 0 | 2 |
_4570 _aСанкт-Петербургский политехнический университет Петра Великого _bИнститут промышленного менеджмента, экономики и торговли _bВысшая инженерно-экономическая школа _9623626 _3RU\NLR\AUTH\880481539 |
| 712 | 0 | 2 |
_4570 _aТаджикский технический университет им. М. С. Осими _cДушанбе _9570356 _3RU\NLR\AUTH\880453374 |
| 712 | 0 | 2 |
_4570 _aНИИ регионального развития Республики Казахстан _cКараганда _9623624 _3RU\NLR\AUTH\880481538 |
| 942 | _cBOOK | ||
| 980 | _aNB | ||
| 980 | _aNB | ||
| 980 | _aNBR | ||